[Event "Asheboro Open 41"]
[Site "MyTown"]
[Date "2009.01.04"]
[Round "1"]
[White "Dejong, Andrew"]
[Black "Giannatos, Peter"]
[Result "1/2-1/2"]
[WhiteElo "1855"]
[BlackElo "2029"]
[Annotator "Rybka 3 (90s)"]
[PlyCount "69"]
[EventDate "2009.??.??"]
[SourceDate "2006.11.11"]

{A29: English Opening: Four Knights Variation with 4 g3} 1. c4 (1. e4 e5 $11)
1... e5 2. g3 Nf6 3. Bg2 d5 (3... Bc5 4. Nc3 $11) 4. cxd5 Nxd5 {
White has a cramped position. White's piece can't move: c1} 5. Nc3 Nb6 6. Nf3 {
White threatens to win material: Nf3xe5} Nc6 7. O-O {
White castles and improves king safety} Be7 8. e3 {Covers d4} (8. d3 O-O $11)
8... Bg4 {White has a cramped position. White's piece can't move: c1} 9. h3 {
White threatens to win material: h3xg4} Bh5 (9... Be6 10. d4 $11) 10. Ne2 (10.
g4 $5 {might be a viable alternative} Bg6 11. d4 $14) 10... f5 {
White has a cramped position. White's piece can't move: c1} 11. d4 {
White threatens to win material: d4xe5} e4 {
Black threatens to win material: e4xf3} 12. Nh2 g5 (12... Bf7 $5 $15 {
is noteworthy}) 13. g4 $11 fxg4 14. hxg4 Bg6 {
White has a cramped position. White's piece can't move: h2} 15. Ng3 {
White threatens to win material: Ng3xe4} Qd5 (15... Qd7 16. Nxe4 O-O-O 17. Qb3
$11) 16. Qc2 {Increasing the pressure on the isolated pawn on e4} Nb4 {
Black threatens to win material: Nb4xc2} 17. Qb3 c6 {
White's piece can't move: h2} 18. Bd2 Nd3 19. Qxd3 (19. f3 $142 $5 {
is interesting} exf3 20. Bxf3 Qxb3 21. axb3 $11) 19... exd3 $15 20. Bxd5 Nxd5 {
Black has the pair of bishops} (20... cxd5 $5 21. Nf3 Rc8 $15) 21. Nf3 $11
O-O-O 22. Ne5 Bd6 23. Nxg6 (23. f4 gxf4 24. exf4 Bc7 $11) 23... hxg6 $15 24.
Ne4 {White threatens to win material: Ne4xg5} Bc7 25. Nxg5 {A valuable piece} (
25. Nc5 $5 $15 {has some apparent merit}) 25... Rh4 $17 26. f4 Re8 (26... Rdh8
27. Rfd1 Bd8 28. Nf3 Rxg4+ 29. Kf2 Bh4+ 30. Kf1 $17) 27. Rfe1 $15 Nf6 {
Black threatens to win material: Nf6xg4} (27... Rf8 $142 $5 {
is worthy of consideration} 28. Nf3 Rxg4+ 29. Kf2 g5 $15) 28. Kg2 $14 Rxg4+ (
28... a6 29. e4 Reh8 30. Rh1 Rxh1 31. Rxh1 Rxh1 32. Kxh1 $14) 29. Kf3 Rh4 30.
Rg1 (30. Rh1 Reh8 31. Rxh4 Rxh4 $16) 30... Nd5 (30... Rh2 31. Rad1 $14) 31.
Rae1 (31. Rh1 Rxh1 32. Rxh1 $16) 31... b6 {Controls a5} (31... Rh2 32. Rg2 Rh4
33. Ne4 $11) 32. Rg4 {White threatens to win material: Rg4xh4} (32. Rh1 $142 $5
Reh8 33. Rxh4 Rxh4 34. Ke4 $18) 32... Rh2 $14 {
Black threatens to win material: Rh2xd2} 33. Rg2 {
White threatens to win material: Rg2xh2} Rh4 34. Rg4 {Twofold repetition} Rh2
35. Rg2 1/2-1/2

[Event "Asheboro Open 41"]
[Site "?"]
[Date "2009.01.03"]
[Round "1"]
[White "Chumachenko, Andrey"]
[Black "McNeill, Jonathon"]
[Result "1-0"]
[WhiteElo "2428"]
[BlackElo "1972"]
[Annotator "Rybka 3 (90s)"]
[PlyCount "77"]
[EventDate "2009.??.??"]
[SourceDate "2006.11.11"]

{D35: Queen's Gambit Declined: Exchange Variation} 1. d4 (1. e4 d6 $11) 1... d5
2. Nf3 Nf6 3. c4 e6 4. Nc3 Be7 5. cxd5 exd5 6. Bf4 c6 {Consolidates b5} 7. Qc2
O-O 8. e3 (8. h3 g6 $11) 8... Bg4 (8... Nh5 9. g3 $11) 9. Ne5 Bh5 10. Bd3 Nbd7
11. h3 {Prevents intrusion on g4} Bg6 12. Nxg6 fxg6 {
White has the pair of bishops} 13. O-O Kh8 14. a3 {Controls b4} Ne8 15. b4 (15.
Be5 Nxe5 16. dxe5 Qd7 $14) 15... b5 {Black has a new backward pawn: c6} (15...
Bd6 $5 $11) 16. Ne2 Rc8 17. Be5 (17. a4 a6 $16) 17... Nb6 $14 18. Nf4 Qd7 19.
Be2 Rxf4 $2 (19... Nf6 $142 $14 {is the best option Black has}) 20. Bxf4 Nf6
21. Be5 (21. Rfc1 a6 $18) 21... Bd6 (21... a6 22. Rfe1 $18) 22. Bxd6 Qxd6 23.
Qc5 Qc7 (23... Qb8 24. Qc3 $18) 24. Bd3 Na4 25. Qc2 Qd7 26. Rfc1 Nb6 (26... a6
27. Re1 $18) 27. a4 $1 {Decoy: a4} a6 (27... bxa4 28. Ba6 {Combination}) (27...
Nxa4 28. Bxb5 {Decoy}) 28. axb5 axb5 29. Ra2 (29. Ra6 {
might be the shorter path} Qb7 30. Qa2 Na4 $18) 29... Nc4 (29... Kg8 30. Be2
$18) 30. Rca1 (30. Bxc4 $6 dxc4 31. Rca1 Qe8 $16) 30... Qe7 (30... Qe8 31. Ra6
$18) 31. Ra8 Rxa8 (31... Rg8 $18 {is one last hope}) 32. Rxa8+ Ng8 33. Qc3 (33.
Bxg6 {and White can already relax} hxg6 34. Qxg6 Qh4 35. Qxc6 Qe4 $18) 33...
Qb7 (33... Nb6 {does not save the day} 34. Rxg8+ $1 {a convincing end} Kxg8 35.
Qxc6 $18) 34. Qa1 Qe7 (34... Nb2 {there is nothing else anyway} 35. Bc2 Na4 $18
) 35. Qa7 (35. Qa6 $142 {makes it even easier for White} Qd7 36. Qc8 Qxc8 37.
Rxc8 g5 $18) 35... Qe6 (35... Qxa7 {the last chance for counterplay} 36. Rxa7
Nb2 $18) 36. Qb8 Nd6 (36... Nb2 {cannot undo what has already been done} 37.
Bxg6 $1 {Deflection: g8} hxg6 38. Qf8 $18) 37. Qf8 g5 38. Rd8 Ne4 39. Re8 (39.
Re8 Qxe8 40. Qxe8 $18) 1-0

[Event "Quark 9"]
[Site "?"]
[Date "2008.12.27"]
[Round "2"]
[White "Fuerstman, Leland"]
[Black "McNeill, Jonathon"]
[Result "1/2-1/2"]
[WhiteElo "2011"]
[BlackElo "1933"]
[Annotator "Rybka 3 (90s)"]
[PlyCount "58"]
[EventDate "2008.??.??"]
[SourceDate "2006.11.11"]

{D00: 1 d4 d5: Unusual lines} 1. e4 d5 (1... e5 2. Nf3 $14) 2. d4 (2. exd5 $142
$5 {should not be overlooked} Nf6 3. d4 $14) 2... dxe4 $15 3. Nc3 {
White threatens to win material: Nc3xe4} Nf6 4. f3 exf3 5. Nxf3 Bf5 (5... e6 6.
Bf4 $11) 6. Bc4 (6. Bd3 Bg6 $11) 6... e6 $15 {Black is behind in developement}
7. O-O {White has a very active position} Be7 {White has an active position} (
7... Nc6 8. h3 $15) 8. Ne5 (8. d5 exd5 9. Nxd5 O-O $15) 8... Bg6 {
Loses material} (8... Bxc2 9. Qe2 Qxd4+ 10. Kh1 $17) 9. Be3 {
White has a very active position} (9. d5 exd5 10. Nxd5 $11 (10. Bxd5 $143 c6
11. Bb3 Qxd1 12. Rxd1 Nbd7 13. Nxd7 Nxd7 $17)) 9... Nbd7 $15 10. Nxg6 hxg6 {
White has the pair of bishops} 11. Qf3 c6 {Covers b5} 12. Ne4 Nb6 {
Black threatens to win material: Nb6xc4} 13. Bb3 Nbd5 14. Rad1 (14. Bf2 Nxe4
15. Qxe4 Nf6 $17) 14... Nxe3 15. Qxe3 Nxe4 (15... Qc7 16. g3 $17) 16. Qxe4 Bd6
$4 {makes life more difficult} (16... Qc7 $142 17. g3 Bf6 $17) 17. Rxf7 $3 $18
{Mate attack. .} Bxh2+ (17... Kxf7 18. Qxe6+ {Mate attack}) (17... -- 18. Qxe6+
{Mate threat}) 18. Kf1 Qd6 19. Bxe6 Rf8 20. Bb3+ (20. Rxf8+ $142 {nails it down
} Kxf8 21. Qxg6 $18) 20... Kd8 $14 21. Rxf8+ (21. Qh4+ Kc8 $14) 21... Qxf8+ 22.
Ke2 Kc7 23. Rf1 {White threatens to win material: Rf1xf8} Re8 {
Black threatens to win material: Re8xe4} 24. Rxf8 Rxe4+ 25. Kd3 {
White threatens to win material: Kd3xe4} Re7 26. c4 Bd6 27. c5 {
White gains space} Re3+ 28. Kxe3 Bxf8 {A bishop endgame occured} 29. Bf7 g5
1/2-1/2

[Event "Quark 9"]
[Site "?"]
[Date "2008.12.27"]
[Round "1"]
[White "McNeill, Jonathon"]
[Black "Singleton, Spencer"]
[Result "1-0"]
[WhiteElo "1933"]
[BlackElo "1554"]
[Annotator "Rybka 3 (90s)"]
[PlyCount "39"]
[EventDate "2008.??.??"]
[SourceDate "2006.11.11"]

{C18: French: 3 Nc3 Bb4: Main line: 7 h4 and 7 Qg4} 1. e4 e6 2. d4 d5 3. Nc3
Bb4 (3... Nf6 4. Bg5 $14) 4. e5 {White gets more space} c5 {The typical lever}
5. a3 Bxc3+ 6. bxc3 c4 {This push gains space} 7. Qg4 g6 8. h4 h5 {
Black threatens to win material: h5xg4} 9. Qf3 Qc7 10. Ne2 Ne7 11. Qf6 {
White threatens to win material: Qf6xh8} O-O $4 (11... Rf8 $142 $11 {
saving the game}) 12. g4 $1 $18 {Mate threat} hxg4 (12... hxg4 13. h5 {
Combination}) (12... -- 13. Bh6 {Mate threat}) 13. h5 Nf5 (13... Nd7 {
is no salvation} 14. Qxe7 Qd8 15. Qxd8 Rxd8 16. hxg6 fxg6 $18) 14. Ng3 {
Loses material} (14. hxg6 Ng7 15. Rh8+ Kxh8 16. Qh4+ Nh5 17. Qxh5+ Kg7 18. Qh7#
) 14... Nd7 (14... Qd8 $142 $5 15. Nxf5 exf5 16. Qxd8 Rxd8 17. hxg6 fxg6 $16)
15. Qg5 $18 Nb6 $4 {
the position was bad, and this mistake simply hastens the end} (15... Nxe5 $142
16. dxe5 Qxe5+ 17. Ne2 Bd7 $18) 16. hxg6 fxg6 17. Nxf5 (17. Nh5 Qg7 18. Nxg7
Kxg7 $18) 17... exf5 $4 {leading to a quick end} (17... Rxf5 18. Qxg6+ Qg7 19.
Qxg7+ Kxg7 $18) 18. Rh6 Rf7 (18... Qg7 {is one last hope} 19. Rxg6 Rf7 $18) 19.
Qxg6+ Rg7 (19... Kf8 {cannot change destiny} 20. Rh8+ Ke7 21. Bg5+ Kd7 22. Rd8+
Qxd8 23. Qd6+ Ke8 24. Qxd8#) 20. Qe8# 1-0

[Event "Quark 9"]
[Site "?"]
[Date "2008.12.27"]
[Round "1"]
[White "Hales, William T."]
[Black "Fuerstman, Leland"]
[Result "0-1"]
[WhiteElo "1775"]
[BlackElo "2000"]
[Annotator "Rybka 3 (90s)"]
[PlyCount "68"]
[SourceDate "2006.11.11"]

{B02: Alekhine's Defence: Chase Variation and lines with early Nc3} 1. e4 Nf6
2. e5 Nd5 3. Nc3 e6 {Consolidates d5} 4. Nxd5 exd5 5. Nf3 d6 6. exd6 (6. d4
dxe5 7. Nxe5 Nd7 $11) 6... Bxd6 $11 7. Be2 {
White has a cramped position. White's piece can't move: c1} O-O 8. d4 Nd7 (8...
Bf5 9. c3 $11) 9. O-O c6 {Secures b5} (9... Nf6 10. c4 $11) 10. b3 (10. Bd3 Re8
$11) 10... Qc7 (10... Nf6 11. Bg5 $11) 11. Bg5 (11. c4 Nf6 $11) 11... h6 {
Black threatens to win material: h6xg5} 12. Bh4 f5 13. Qd2 (13. Qd3 Re8 $15)
13... Nf6 (13... Nb8 $5 $15 {must definitely be considered}) 14. Bxf6 $14 Rxf6
15. c4 Be6 (15... dxc4 16. Bxc4+ Be6 17. Rfe1 $11) 16. Rfe1 (16. c5 Bf4 17. Qc2
Qe7 $14) 16... g5 {Black king safety dropped} (16... Ba3 17. Bd3 $11) 17. Bd3
g4 {Black wins space} 18. Ne5 (18. Rxe6 Rxe6 19. Bxf5 Rf6 20. Bxg4 Re8 $11)
18... c5 (18... dxc4 19. Bxc4 Bxc4 20. bxc4 $11 (20. Nxc4 $143 Bxh2+ 21. Kh1
Bf4 $15)) 19. f4 (19. cxd5 $5 Bxd5 20. Rac1 $16) 19... gxf3 (19... dxc4 $5 20.
Bxc4 Bxc4 21. bxc4 cxd4 $15) 20. Nxf3 $11 cxd4 21. cxd5 (21. Nxd4 $2 {
is nothing because of} Bc5 22. Bf1 Qb6 $17) 21... Bxd5 22. Kh1 (22. Rac1 $5 {
is worthy of consideration} Bc6 23. Bc4+ (23. Nxd4 $143 Bxh2+ 24. Kf1 Bf4 25.
Rxc6 Rxc6 $17 (25... Bxd2 {is much worse} 26. Bc4+ Kh8 27. Rxc7 Bxe1 28. Kxe1
$18) (25... bxc6 $6 26. Qc3 Be5 27. Qc4+ Kh8 28. Nxf5 $19)) 23... Kh7 24. Kh1
$11) 22... Bf4 $17 23. Qb2 (23. Qe2 Re6 24. Qd1 Rxe1+ 25. Qxe1 Qc3 26. Bxf5
Qxe1+ (26... Bxf3 $6 27. Qe6+ Kf8 28. Qf6+ Ke8 29. Qe6+ Kf8 30. Qf6+ Ke8 31.
Rg1 $11) 27. Rxe1 Be3 $15) 23... Bxf3 (23... Qc3 24. Qe2 $17) 24. gxf3 Qc6 {
Black threatens to win material: Qc6xf3} (24... Rd8 $142 $5 $17) 25. Rg1+ $11
Kh7 26. Qg2 (26. Qxd4 $5 {is interesting} Qxf3+ 27. Rg2 $11) 26... Qd7 $15 27.
Rae1 (27. Qh3 Raf8 $17) 27... Be3 $17 28. Rgf1 (28. Bb5 $5 Qc7 29. Qg3 Qxg3 30.
Rxg3 $17) 28... Rg8 $19 29. Qb2 Qg7 (29... Qd6 $142 $19) 30. Qc2 $4 {
further deteriorates the position} (30. Bc4 $142 Rc8 31. Bd3 $17) 30... Kh8 $19
31. h3 (31. Bc4 {is the last straw} d3 $1 {Deflection: g2} 32. Qb2 $19) 31...
Rg6 32. Qh2 Rg2 33. Qd6 Rd2 (33... Rxa2 34. Qf6 Qxf6 35. Re2 Rxe2 36. Rf2 Re1+
37. Bf1 Bxf2 38. Kh2 Qe5+ 39. f4 Qxf4+ 40. Kh1 Rxf1#) 34. Be2 (34. Qf6 {
doesn't get the bull off the ice} Qxf6 35. Re2 Qg6 36. Bxf5 Qg1+ 37. Rxg1 Rxg1+
38. Kh2 Rxe2#) 34... Qg2# 0-1

[Event "Seafarer"]
[Site "?"]
[Date "2008.12.10"]
[Round "3"]
[White "Hales, William"]
[Black "Fuerstman, Leland"]
[Result "0-1"]
[WhiteElo "1775"]
[BlackElo "2000"]
[Annotator "Rybka 3 (90s)"]
[PlyCount "103"]
[SourceDate "2006.11.11"]

{B22: Sicilian: 2 c3} 1. e4 c5 (1... e5 2. Nf3 $14) 2. d4 (2. Nf3 Nc6 $11) 2...
cxd4 $11 3. c3 (3. Qxd4 Nc6 4. Qd2 Nf6 $11) 3... d6 (3... dxc3 $5 {
is an interesting idea} 4. Nxc3 e6 $11) 4. cxd4 $14 Nf6 {
Black threatens to win material: Nf6xe4} 5. Nc3 g6 (5... e6 6. Bd3 $14) 6. Nf3
{Black is behind in developement} (6. h3 d5 7. e5 Ne4 $14) 6... Bg4 (6... Bg7
7. Bb5+ Bd7 8. Be2 $14) 7. h3 Bxf3 8. Qxf3 Nc6 9. Be3 (9. d5 Ne5 10. Bb5+ Nfd7
$14) 9... Bg7 10. Bb5 {Black has a cramped position} (10. Rd1 O-O $11) 10...
O-O 11. a3 {Prevents intrusion on b4} (11. O-O a6 12. Bxc6 bxc6 $14) 11... e5 (
11... a6 12. Bxc6 bxc6 13. Rb1 $11) 12. Bxc6 $14 exd4 13. Bxd4 {
Sacrifices material} (13. Bxb7 dxc3 14. Bxa8 Qxa8 15. bxc3 Nxe4 $14) 13... bxc6
$11 {Black has new hanging pawns: c6+d6} 14. O-O {Black has a cramped position}
c5 {Black threatens to win material: c5xd4} 15. Be3 {
Black has a cramped position} Rb8 {Black threatens to win material: Rb8xb2} (
15... Re8 16. Bf4 Nh5 17. Bh2 $11) 16. Rab1 (16. e5 dxe5 17. Bxc5 Re8 $14)
16... Nd7 17. Bf4 {White threatens to win material: Bf4xd6} Ne5 {
Black threatens to win material: Ne5xf3} 18. Qe2 Nc6 {
White has an active position} (18... Rb3 19. Rfd1 $11) 19. Be3 (19. Nd5 Re8 20.
b4 Nd4 $14) 19... f5 (19... Qe7 20. Qc4 $11) 20. Rfd1 (20. Qc4+ Kh8 21. exf5
Rxf5 $11) 20... Qe7 (20... Nd4 21. Qc4+ Kh8 22. Ne2 $11) 21. Bf4 {
Attacks the backward pawn on d6} (21. Qc4+ Kh8 22. exf5 gxf5 $16) 21... Bd4 22.
Qc4+ Kh8 23. Nb5 $4 {White lets it slip away} (23. Qd5 $142 {was possible} Ne5
24. Be3 Bxe3 25. fxe3 $11) 23... Qxe4 $19 24. Nxd4 (24. Be3 {
doesn't change anything anymore} Bxe3 25. Nxd6 Qxc4 26. Nxc4 Bd4 $19) 24...
Qxf4 (24... Nxd4 {and Black can already relax} 25. Kh1 Qxf4 26. f3 $19) 25. Re1
(25. Kh1 {doesn't do any good} Nxd4 (25... cxd4 $6 26. Qxc6 Qxf2 27. Qxd6 $17)
26. f3 g5 $19) 25... Nxd4 ({Worse is} 25... Qxd4 26. Qc2 $19) ({Instead of} 
25... cxd4 26. Qxc6 d5 27. g3 $16) 26. Qc3 (26. Qa6 {
a last effort to resist the inevitable} Rbe8 27. Qd3 $19) 26... Rb3 27. Qa5 Qg5
28. Kh1 Qh4 (28... f4 29. Rf1 Qf5 30. f3 Rxf3 31. Qd2 Rxf1+ 32. Rxf1 $19) 29.
Re3 Qxf2 30. Re7 (30. Rxb3 {the only chance to get some counterplay} Nxb3 31.
Qxa7 $19) 30... Nc6 (30... Rg3 31. Rxh7+ Kxh7 32. Qc7+ Kh6 33. Qb7 Ne2 34. Qf3
Rxf3 35. Rc1 Rxh3+ 36. gxh3 Ng3#) 31. Rxh7+ (31. Qe1 {desperation} Qxe1+ 32.
Rexe1 $19) 31... Kxh7 32. Qc7+ Kg8 (32... Kh6 33. Rg1 Re8 34. Qxd6 Nd4 35. a4
Rxh3+ 36. gxh3 Qf3+ 37. Rg2 Qxh3+ 38. Qh2 Re1+ 39. Rg1 Rxg1+ 40. Kxg1 Nf3+ 41.
Kf2 Nxh2 42. Ke2 Qb3 43. Kd2 Nf3+ 44. Ke2 Nd4+ 45. Ke1 Qe3+ 46. Kf1 Qe2+ 47.
Kg1 Nf3+ 48. Kh1 Qf1#) 33. Qxc6 (33. Qxd6 {is the last straw} Kg7 34. Qxc6 $19)
33... Rxb2 34. Qd5+ Rf7 (34... Kg7 $142 {ends the debate} 35. Rg1 Re8 36. Qf3
Qxf3 37. gxf3 $19) 35. Rg1 (35. Rxb2 {doesn't change the outcome of the game}
Qxb2 36. Qxd6 Qc1+ 37. Kh2 Kh7 $19) 35... Qd4 (35... Rd2 $5 {
might be the shorter path} 36. Qe6 Qg3 37. Qe1 Qxe1 38. Rxe1 $19) 36. Qe6 (36.
Qf3 {doesn't get the cat off the tree} Re7 37. Qd1 Qxd1 38. Rxd1 Re6 $19) 36...
Qe5 (36... Kg7 $142 {and Black can already relax} 37. Qe1 c4 $19) 37. Qc4 (37.
Re1 {does not solve anything} Qxe6 38. Rxe6 Rd2 $19) 37... Kf8 (37... f4 38.
Qc1 f3 39. Qxb2 Qxb2 40. gxf3 Rxf3 41. Rxg6+ Kf7 42. Rg5 Rxh3+ 43. Kg1 Qh2+ 44.
Kf1 Rf3+ 45. Ke1 Qf2+ 46. Kd1 Rd3+ 47. Kc1 Qd2+ 48. Kb1 Rb3+ 49. Ka1 Qb2#) 38.
Qh4 Qf6 (38... Kg7 $142 {and the rest is a matter of technique} 39. Qe1 $19)
39. Qh6+ Kg8 40. Re1 Rb8 (40... Rf8 {seems even better} 41. Qf4 Rfb8 42. Re3
$19) 41. Qf4 (41. Qe3 {cannot undo what has already been done} c4 $19) 41...
Re7 42. Rd1 Re4 (42... Qe5 {and Black can already relax} 43. Qxe5 dxe5 44. Rc1
$19) 43. Qg3 (43. Qxd6 {does not help much} Qxd6 44. Rxd6 Kf7 $19) 43... Rd8 (
43... f4 44. Qf3 Qe5 45. Kh2 $19) 44. Qb3+ (44. Rf1 {is not the saving move}
Rde8 $19) 44... c4 (44... Qe6 $142 {might be the shorter path} 45. Qxe6+ Rxe6
46. Kg1 $19) 45. Qb7 (45. Qb1 Rde8 46. Rg1 Qd4 $19) 45... Qe7 (45... Rde8 $142
{makes it even easier for Black} 46. Qd5+ Qe6 47. Kh2 Qxd5 48. Rxd5 $19) 46.
Qd5+ Qe6 47. Qd2 Re2 (47... Re8 48. Qc2 Re1+ 49. Rxe1 Qxe1+ 50. Kh2 d5 51. Qb2
Qe5+ 52. Qxe5 Rxe5 53. Kg3 c3 54. Kf4 Re4+ 55. Kg5 Kf7 56. g4 c2 57. Kh4 c1=Q
58. Kg3 Qe1+ 59. Kf3 Qf1+ 60. Kg3 Re3+ 61. Kh4 Rxh3+ 62. Kg5 Qc1#) 48. Qc3 (48.
Qd4 {does not win a prize} Qe4 49. Qxe4 fxe4 $19) 48... Qe4 (48... Re8 $142 {
nails it down} 49. Rg1 Re1 $19) 49. Qg3 f4 50. Qg5 Re1+ 51. Kh2 Rxd1 52. Qxd8+
0-1

[Event "Reverse Angle 11"]
[Site "?"]
[Date "2008.11.22"]
[Round "3"]
[White "Giannatos, Peter"]
[Black "McNeill, Jonathon"]
[Result "1-0"]
[WhiteElo "2008"]
[BlackElo "1914"]
[Annotator "Rybka 3 (90s)"]
[PlyCount "77"]
[EventDate "2008.??.??"]
[SourceDate "2006.11.11"]

{B01: Scandinavian Defence} 1. e4 d5 2. exd5 Qxd5 {White king safety dropped}
3. Nc3 Qd6 4. Nf3 Nf6 5. d4 a6 {Covers b5} 6. g3 (6. Bd3 g6 $11) 6... b5 (6...
Bf5 $5 $11) 7. Bg2 $14 Bb7 8. Bf4 {White threatens to win material: Bf4xd6} Qb6
9. O-O (9. a4 e6 $14) 9... e6 {Consolidates d5} 10. Qe2 {
White has an active position} (10. a4 Bd6 11. Be3 b4 $14) 10... Be7 {
Black should quickly conclude development.} (10... Bd6 11. Be3 b4 12. Nd1 $14)
11. Rad1 (11. a4 b4 12. a5 Qa7 13. Bxc7 Nbd7 $16) 11... Nd5 (11... b4 $5 {
is worth consideration} 12. Nb1 O-O $11) 12. Nxd5 $14 Bxd5 13. b3 {Covers c4}
b4 14. Qe5 {White threatens to win material: Qe5xg7} (14. Ne5 $5 Qb7 15. Bxd5
Qxd5 16. a3 $14) 14... O-O $11 15. Qxc7 Qxc7 16. Bxc7 {
White has a new backward pawn: c2} Rc8 17. Bxb8 Raxb8 {
Black has the pair of bishops} 18. Ne1 (18. Rd2 Bxf3 19. Bxf3 Rb5 $11) 18...
Bxg2 19. Kxg2 Rd8 20. f4 Rb5 21. Nf3 Rbd5 22. Rf2 Bf6 (22... h6 23. h4 $14) 23.
Rfd2 (23. a3 Bxd4 24. Rfd2 Bc3 25. Rxd5 Rxd5 26. Rxd5 exd5 27. axb4 Kf8 $14)
23... Ra5 24. Ne5 Bxe5 25. dxe5 Rxd2+ 26. Rxd2 {White has a mate threat} Kf8 (
26... h6 27. c4 bxc3 28. Rc2 $14) 27. c3 bxc3 28. Rc2 {
White threatens to win material: Rc2xc3} Ra3 (28... g5 $5 $14) 29. Kf3 a5 $4 {
an oversight. But Black was lost anyway.} (29... Ke7 $142 $16) 30. Ke4 (30. Ke3
$142 {seems even better} Ke8 31. Kd3 $18) 30... a4 (30... Ke8 $18 {
the only chance to get some counterplay}) 31. b4 Ke7 (31... f5+ {
doesn't get the bull off the ice} 32. Kd3 Ke7 33. b5 $18) 32. Kd4 Kd7 33. b5
Kc7 (33... Kc8 {doesn't get the cat off the tree} 34. Kc4 $18) 34. Kc5 Kb7 (
34... f6 {does not save the day} 35. Kb4 Kb6 36. Kxa3 Kxb5 37. exf6 gxf6 38.
Rxc3 $18) 35. Kb4 Rxa2 36. Rxa2 c2 37. Rxc2 a3 38. Ka5 (38. Kc5 h6 39. b6 g6
40. Rd2 a2 41. Rxa2 g5 42. fxg5 h5 43. Ra7+ Kc8 44. Rxf7 h4 45. gxh4 Kd8 46.
Kd6 Kc8 47. g6 Kb8 48. g7 Kc8 49. g8=Q#) 38... a2 39. Rxa2 (39. Rxa2 g6 40. Rd2
h5 41. Rd7+ Kc8 42. Rxf7 Kb8 43. Ka6 Kc8 44. b6 Kd8 45. b7 Ke8 46. Rc7 Kd8 47.
b8=Q#) 1-0

[Event "Reverse Angle 11"]
[Site "?"]
[Date "2008.11.22"]
[Round "1"]
[White "McNeill, Jonathon"]
[Black "Tkatchouk, Vladimir"]
[Result "1-0"]
[WhiteElo "1914"]
[BlackElo "2104"]
[Annotator "Rybka 3 (90s)"]
[PlyCount "59"]
[EventDate "2008.??.??"]
[SourceDate "2006.11.11"]

{D26: Queen's Gambit Accepted: 4 e3 e6 5 Bxc5 c5 sidelines} 1. e4 c6 {
Prevents intrusion on b5} 2. d4 d5 3. exd5 cxd5 4. c4 (4. Nf3 e6 $11) 4... dxc4
5. Bxc4 e6 {Controls d5} 6. Nf3 {Black is behind in developement} Nf6 7. O-O {
White castles and improves king safety} Be7 (7... Bd6 8. Nc3 $14) 8. Nc3 {
White has a very active position} O-O {Black castles and improves king safety}
9. Re1 (9. Be3 Nc6 $11) 9... Nbd7 (9... Nc6 10. Bf4 $11) 10. Qe2 {
Black has a cramped position. Black's piece can't move: c8} Nb6 {
White has a very active position} 11. Bb3 {Black has a cramped position} Nbd5
12. Bg5 h6 13. Bxf6 Nxc3 14. bxc3 Bxf6 {Black has the pair of bishops} 15. Bc2
(15. Ne5 b6 $11) 15... g6 {Controls f5} (15... Qc7 16. Rac1 $14) 16. Ne5 (16.
Qe3 Kg7 $14) 16... Qc7 {Black threatens to win material: Qc7xc3} 17. Qg4 (17.
Qe3 Bg7 $11) 17... Bxe5 (17... Qxc3 18. Rac1 Bg5 19. Bxg6 Bxc1 20. Bxf7+ Kh8
21. Ng6+ Kg7 22. Nf4+ Kh8 23. Ng6+ Kg7 24. Nf4+ Kh8 25. Ng6+ $11) 18. dxe5 $14
({Weaker is} 18. Rxe5 Qxc3 19. Rc1 Rd8 $17) 18... Kg7 (18... Rd8 19. Re3 Rd7
20. Qf4 $16) 19. Qf4 {White has a king attack} (19. Re3 Qe7 $14) 19... Qe7 $14
(19... Qxc3 $4 {taking the pawn will cause Black grave problems} 20. Qf6+ Kg8
21. Bxg6 $18) 20. Rad1 Bd7 $4 (20... b6 $142 $14 {saving the game}) 21. Qf6+ $1
$18 {Deflection: f6} Qxf6 22. exf6+ Kxf6 23. Rxd7 Rab8 (23... b6 24. Re3 $18)
24. Bb3 (24. Re3 {and White can already relax} a5 $18) 24... a5 (24... Rfd8 25.
Red1 Rxd7 26. Rxd7 $18) 25. c4 (25. Re3 {keeps an even firmer grip} g5 $18)
25... b5 (25... Rfd8 26. Red1 Rxd7 27. Rxd7 $18) 26. cxb5 Rxb5 27. Ra7 (27. Rc1
$142 $18 {makes it even easier for White}) 27... Rc8 (27... Rc5 $18) 28. Rxf7+
$1 {Double attack: c8/f7} Kg5 (28... Kxf7 29. Bxe6+ {Double attack}) 29. f4+
Kh4 30. g3+ (30. g3+ Kg4 31. Bxe6+ Kf3 32. Bxc8 Rb8 33. Rc7 Rxc8 34. Rxc8 g5
35. f5 Kg4 36. f6 h5 37. f7 h4 38. f8=Q hxg3 39. Rc4+ Kh5 40. Qf7+ Kh6 41. Re6#
) 1-0